Political thought and the limits of orthodoxy (Record no. 30018)

000 -LEADER
fixed length control field 00419pab a2200157 454500
008 - FIXED-LENGTH DATA ELEMENTS--GENERAL INFORMATION
fixed length control field 180718b1995 xxu||||| |||| 00| 0 eng d
100 ## - MAIN ENTRY--PERSONAL NAME
Personal name Miller, Peter
245 ## - TITLE STATEMENT
Title Political thought and the limits of orthodoxy
Remainder of title a response to Curtis.
260 ## - PUBLICATION, DISTRIBUTION, ETC.
Date of publication, distribution, etc. 1995
300 ## - PHYSICAL DESCRIPTION
Extent p.570-97
362 ## - DATES OF PUBLICATION AND/OR SEQUENTIAL DESIGNATION
Dates of publication and/or sequential designation Dec
650 ## - SUBJECT ADDED ENTRY--TOPICAL TERM
Topical term or geographic name entry element Political science
700 ## - ADDED ENTRY--PERSONAL NAME
Personal name Rose, Nikolas
773 ## - HOST ITEM ENTRY
Main entry heading British Journal of Sociology
909 ## -
-- 30018
Holdings
Withdrawn status Lost status Damaged status Not for loan Permanent Location Current Location Date acquired Serial Enumeration / chronology Barcode Date last seen Price effective from Koha item type
        Indian Institute of Public Administration Indian Institute of Public Administration 2018-07-19 Volume no: 46, Issue no: 4 AR30162 2018-07-19 2018-07-19 Articles

Powered by Koha